How to master business English : improving your communication skills

Bibliographic Details
Main Author: Bennie, Michael
Format: Book
Published: U.Kingdom : Northcote House , 1991
Subjects:

MARC

LEADER 00000cam a2200000 7i4500
001 0000005989
002 000006466
005 20000330.0
020 |a 6746305826 
090 0 0 |a 808   |b BEN 
100 1 |a Bennie, Michael 
245 1 0 |a How to master business English :   |b improving your communication skills   |c Michael Bennie 
260 |a U.Kingdom :   |b Northcote House ,   |c 1991 
300 |a 208p. ;   |c 21cm. 
650 0 0 |a Business 
999 |a 037809   |b BUKU   |c PINJAMAN   |e PERPUSTAKAAN KOMUNITI PETALING JAYA